000 00676nam a2200277Ia 4500
005 20260324144010.0
008 008 260324s9999 xx 000 0 eng d
020 _a9781315035321
037 _aEBOOK
040 _aCRL
040 _beng
040 _cCRL
041 _2eng
041 _aeng
084 _qCRL
100 _aMick Reed; Roger Wells
_91217699
245 0 _aClass, Conflict and Protest in the English Countryside, 1700-1880
260 _bTaylor and Francis
260 _c1990
365 _a
365 _b240
856 _uhttp://www.taylorfrancis.com/books/9781315035321
942 _cEBOOK
999 _c1823782
_d1823782